[Event "24th Abu Dhabi Masters"]
[Site "Abu Dhabi UAE"]
[Date "2017.08.16"]
[Round "3.6"]
[White "Mekhitarian, Krikor Sevag"]
[Black "Deac, Bogdan-Daniel"]
[Result "1/2-1/2"]
[WhiteTitle "GM"]
[BlackTitle "GM"]
[WhiteElo "2534"]
[BlackElo "2573"]
[WhiteFideId "2107660"]
[BlackFideId "1226380"]
[EventDate "2017.08.14"]

1. d4 Nf6 2. c4 e6 3. Nc3 Bb4 4. Qc2 d5 5. a3 Bxc3+ 6. Qxc3 c5 7. dxc5 d4 8. Qg3
Nc6 9. Nf3 e5 10. b4 O-O 11. Nxe5 Nh5 12. Nxc6 Nxg3 13. Nxd8 Nxh1 14. g3 Rxd8
15. Bg2 d3 16. Bxh1 dxe2 17. Bf4 a5 18. b5 Bg4 19. Bd5 Rac8 20. Be3 Rd7 21. f3
Be6 22. Bxe6 fxe6 23. Kxe2 e5 24. Rb1 Kf7 25. a4 Ke6 26. Rb3 h5 27. h3 g6 28.
Rb1 Kf5 29. g4+ hxg4 30. hxg4+ Kf6 31. Rh1 Kg7 32. Bf2 Rcd8 33. Be3 Rc8 34. Bf2
Rcd8 35. Be3 1/2-1/2

[Event "24th Abu Dhabi Masters"]
[Site "Abu Dhabi UAE"]
[Date "2017.08.16"]
[Round "3.7"]
[White "Stupak, Kirill"]
[Black "Harika, Dronavalli"]
[Result "1/2-1/2"]
[WhiteTitle "GM"]
[BlackTitle "GM"]
[WhiteElo "2573"]
[BlackElo "2526"]
[WhiteFideId "13503758"]
[BlackFideId "5015197"]
[EventDate "2017.08.14"]

1. d4 Nf6 2. c4 e6 3. Nf3 d5 4. Nc3 Nbd7 5. Bg5 h6 6. Bh4 Be7 7. e3 O-O 8. Rc1
c5 9. dxc5 dxc4 10. c6 bxc6 11. Bxc4 c5 12. O-O Bb7 13. Be2 Nd5 14. Bg3 N7f6 15.
Ne5 Nxc3 16. Rxc3 Qxd1 17. Rxd1 Rfd8 18. Rxd8+ Rxd8 19. Rb3 Bd5 20. Ra3 Ra8 21.
f3 Bd6 22. Nd3 Bxg3 23. hxg3 Bc4 24. Kf2 Bxd3 25. Bxd3 a5 26. Rb3 Kf8 27. Rb7
Rd8 28. Be2 a4 29. a3 g5 30. e4 Nh5 31. Rb5 Ke7 32. Rb7+ Kf8 33. Ke1 Nxg3 34.
Bb5 Nh5 35. Bxa4 Nf4 36. g3 Nd3+ 37. Kf1 Ne5 38. Rb3 c4 39. Re3 Rd2 40. b3 Ra2
41. b4 Nd3 42. Bb5 Ra1+ 43. Kg2 Ra2+ 44. Kg1 Rxa3 45. Bxc4 Ra1+ 46. Kg2 Nxb4 47.
Kf2 Rc1 48. Be2 Nc6 49. Rd3 e5 50. Rd6 Nd4 51. Bd3 Kg7 52. f4 gxf4 53. gxf4 Rc3
54. Ke3 Ne6 55. Kd2 Ra3 56. fxe5 h5 57. Bc4 Ng5 58. Ke2 Ra4 59. Bd5 Nxe4 60. Rd7
Nc3+ 61. Kf3 Nxd5 62. Rxd5 h4 63. Rd6 Ra3+ 64. Kg2 Re3 65. Rd4 h3+ 66. Kh2 Kg6
67. Rd6+ Kg7 68. Rc6 Rxe5 69. Kxh3 Rg5 70. Kh4 Rg6 71. Rxg6+ Kxg6 72. Kg4 Kf6
73. Kf4 Ke6 74. Ke4 Kd7 75. Kf5 Ke7 76. Ke5 Kf8 77. Kf6 Kg8 78. Kg5 1/2-1/2

[Event "24th Abu Dhabi Masters"]
[Site "Abu Dhabi UAE"]
[Date "2017.08.16"]
[Round "3.8"]
[White "Aryan, Chopra"]
[Black "Amin, Bassem"]
[Result "0-1"]
[WhiteTitle "GM"]
[BlackTitle "GM"]
[WhiteElo "2507"]
[BlackElo "2680"]
[WhiteFideId "5084423"]
[BlackFideId "10601457"]
[EventDate "2017.08.14"]

1. e4 e5 2. Nf3 Nc6 3. Bb5 a6 4. Ba4 Nf6 5. O-O Be7 6. Re1 b5 7. Bb3 d6 8. c3
O-O 9. h3 Nb8 10. d4 Nbd7 11. Nbd2 Bb7 12. Bc2 Re8 13. b3 Bf8 14. Bb2 g6 15. a4
Nh5 16. Bd3 Nf4 17. Bf1 c6 18. Qc2 Qc7 19. axb5 axb5 20. Rxa8 Bxa8 21. b4 Bg7
22. Nb3 Ne6 23. Ra1 Qb6 24. Rd1 Qc7 25. Bc1 exd4 26. cxd4 Nb6 27. Ng5 Qe7 28.
Nxe6 Qxe6 29. Bd3 Nc4 30. f4 Qe7 31. Rf1 Qa7 32. Qf2 Qa4 33. Bc2 Qxb4 34. f5 Rf8
35. f6 Bh8 36. h4 c5 37. h5 cxd4 38. hxg6 hxg6 39. Qxd4 Re8 40. Bd2 Qa3 41. Ra1
Qb2 42. Qxb2 Nxb2 43. Bg5 Na4 44. Nd4 Nc3 45. Bb3 Rf8 46. Ra7 Nxe4 47. Bh6 Bxf6
48. Nxb5 Bg7 49. Bxg7 Kxg7 50. Bxf7 Rxf7 51. Rxa8 Rb7 52. Nd4 Rb4 53. Nf3 g5 54.
Kf1 g4 55. Ne1 Rb2 56. Nd3 Rd2 57. Ne1 Kf6 58. Rf8+ Ke5 59. Rf7 d5 60. Rc7 Kf4
61. Nc2 d4 62. Ke1 d3 63. Rf7+ Kg3 64. Nd4 Rb2 65. Nf5+ Kh2 0-1

[Event "24th Abu Dhabi Masters"]
[Site "Abu Dhabi UAE"]
[Date "2017.08.16"]
[Round "3.9"]
[White "Puranik, Abhimanyu"]
[Black "Korobov, Anton"]
[Result "1/2-1/2"]
[WhiteTitle "IM"]
[BlackTitle "GM"]
[WhiteElo "2495"]
[BlackElo "2668"]
[WhiteFideId "5061245"]
[BlackFideId "14105730"]
[EventDate "2017.08.14"]

1. e4 c5 2. Nf3 d6 3. d4 cxd4 4. Nxd4 Nf6 5. Nc3 a6 6. Be3 e6 7. Be2 Nbd7 8. Qd2
b5 9. f3 b4 10. Nd1 d5 11. exd5 Nxd5 12. Bg5 Be7 13. h4 Bb7 14. Nf2 N7f6 15. Ne4
Qc7 16. O-O-O O-O-O 17. Bd3 h6 18. Nxf6 gxf6 19. Bxh6 Nc3 20. bxc3 bxc3 21. Qe3
Rxh6 22. Nb3 Qd6 23. Kb1 Qa3 24. Qc1 Qxc1+ 25. Kxc1 Kc7 26. Be2 Rxd1+ 27. Kxd1
f5 28. h5 Kb6 29. Bc4 a5 30. Ke2 a4 31. Nd4 Kc5 32. Kd3 Bc8 33. Rb1 Rxh5 34. g4
Rh2 35. Rb5+ Kd6 36. gxf5 Bf6 37. Ne2 Rh3 38. fxe6 fxe6 39. Ke3 Bd7 40. Ra5 Bc6
41. Nd4 Bxd4+ 42. Kxd4 Rxf3 43. Be2 e5+ 44. Kc4 Re3 45. Bh5 Rh3 46. Bg6 Rg3 47.
Bf5 e4 48. Kd4 Rg1 49. Kxc3 e3 50. Bd3 Bf3 51. Ra6+ Ke5 52. Ra5+ Kf4 53. Rxa4+
Kg3 54. Ra7 Kf2 55. a4 e2 56. Bxe2 Bxe2 57. Re7 Ke1 58. a5 Kd1 59. Kb3 Rg5 60.
Kb4 Rb5+ 61. Ka4 Rb2 62. Rxe2 Kxe2 63. a6 Ke3 64. Ka5 Kd4 65. a7 Kc5 66. Ka6 Kd4 1/2-1/2

[Event "24th Abu Dhabi Masters"]
[Site "Abu Dhabi UAE"]
[Date "2017.08.16"]
[Round "3.10"]
[White "Gupta, Abhijeet"]
[Black "Sviridov, Valery"]
[Result "0-1"]
[WhiteTitle "GM"]
[WhiteElo "2639"]
[BlackElo "2519"]
[WhiteFideId "5010608"]
[BlackFideId "4120680"]
[EventDate "2017.08.14"]

1. Nf3 Nf6 2. c4 g6 3. Nc3 Bg7 4. e4 d6 5. d4 O-O 6. h3 e5 7. d5 Nh5 8. g3 f5 9.
exf5 gxf5 10. Bg5 Qe8 11. Be2 Na6 12. Nh4 Nf6 13. Qc2 Nc5 14. Be3 Bd7 15. O-O-O
e4 16. Rhg1 a6 17. g4 Nd3+ 18. Rxd3 exd3 19. Bxd3 fxg4 20. hxg4 Bxg4 21. Bxh7+
Nxh7 22. Rxg4 Qh5 23. Qe4 Nf6 24. Qe6+ Rf7 25. Rf4 Re8 26. Qf5 Bh6 27. Qxh5 Nxh5
28. Rg4+ Rg7 29. Rxg7+ Bxg7 30. Kd2 Nf6 31. Nf5 Ng4 32. Nxg7 Kxg7 33. b3 Nxe3
34. fxe3 Kf6 35. Kd3 Ke5 36. Ne2 Rg8 37. Nf4 Rg3 38. a4 a5 39. Ne6 c6 40. Nd8
cxd5 41. Nf7+ Ke6 42. Nd8+ Kd7 43. Nxb7 dxc4+ 44. bxc4 Rg5 45. c5 dxc5 46. Nxa5
Rg4 47. e4 Kc7 48. Nb3 Kb6 49. Nd2 Rg3+ 50. Kc4 Ra3 51. Nb3 Rxa4+ 52. Kd5 Rb4
53. Nc1 Rd4+ 54. Ke5 Rd2 55. Kf4 c4 56. Ke3 Rd1 0-1

[Event "24th Abu Dhabi Masters"]
[Site "Abu Dhabi UAE"]
[Date "2017.08.16"]
[Round "3.11"]
[White "Abdusattorov, Nodirbek"]
[Black "Lupulescu, Constantin"]
[Result "1/2-1/2"]
[WhiteTitle "IM"]
[BlackTitle "GM"]
[WhiteElo "2470"]
[BlackElo "2637"]
[WhiteFideId "14204118"]
[BlackFideId "1207822"]
[EventDate "2017.08.14"]

1. e4 e6 2. d4 d5 3. Nd2 c5 4. Ngf3 cxd4 5. exd5 Qxd5 6. Bc4 Qd7 7. O-O Nc6 8.
Nb3 a6 9. Nbxd4 Nxd4 10. Nxd4 Qc7 11. Bb3 Bd6 12. Re1 Bxh2+ 13. Kh1 Ne7 14. Nxe6
Bxe6 15. Bxe6 fxe6 16. Qh5+ g6 17. Qxh2 Qxh2+ 18. Kxh2 Kf7 19. Bg5 h6 20. Bxe7
Kxe7 21. Rad1 Rhd8 22. c4 Rac8 23. Rxd8 Rxd8 24. Re3 b5 25. cxb5 axb5 26. Re5
Ra8 27. a3 b4 28. axb4 Ra2 29. Rb5 Rxb2 30. Kg3 Kf6 31. Rb8 e5 32. b5 Rb3+ 33.
Kh2 e4 34. b6 Kg7 35. b7 h5 36. g4 hxg4 37. Kg2 Kh7 38. Re8 Rxb7 39. Rxe4 1/2-1/2

[Event "24th Abu Dhabi Masters"]
[Site "Abu Dhabi UAE"]
[Date "2017.08.16"]
[Round "3.12"]
[White "Efimenko, Zahar"]
[Black "Golubov, Saveliy"]
[Result "1-0"]
[WhiteTitle "GM"]
[BlackTitle "IM"]
[WhiteElo "2636"]
[BlackElo "2512"]
[WhiteFideId "14107201"]
[BlackFideId "24176729"]
[EventDate "2017.08.14"]

1. e4 e5 2. Nf3 Nc6 3. Bb5 a6 4. Ba4 Nf6 5. O-O Be7 6. d3 b5 7. Bb3 d6 8. a4 b4
9. Nbd2 O-O 10. c3 bxc3 11. bxc3 Na5 12. Ba2 c5 13. h3 Qc7 14. Re1 Rb8 15. Qc2
h6 16. Nc4 Be6 17. Nfd2 Rb7 18. Nxa5 Qxa5 19. Bxe6 fxe6 20. Nc4 Qc7 21. Bd2 Nd7
22. Qa2 Rfb8 23. f4 exf4 24. Bxf4 Kh7 25. Qe2 Nf8 26. Rf1 Ng6 27. Bg3 Rf8 28.
Rxf8 Bxf8 29. Rf1 Qd8 30. h4 d5 31. exd5 exd5 32. h5 Nh8 33. Ne5 Bd6 34. d4 cxd4
35. cxd4 Rb6 36. a5 Rb5 37. Ng6 Rb8 38. Ne7 Bxg3 39. Qd3+ g6 40. hxg6+ Kg7 1-0

[Event "24th Abu Dhabi Masters"]
[Site "Abu Dhabi UAE"]
[Date "2017.08.16"]
[Round "3.13"]
[White "Raja, Harshit"]
[Black "Salem, A.R. Saleh"]
[Result "1/2-1/2"]
[BlackTitle "GM"]
[WhiteElo "2434"]
[BlackElo "2624"]
[WhiteFideId "5089000"]
[BlackFideId "9301348"]
[EventDate "2017.08.14"]

1. e4 c5 2. Nf3 Nc6 3. d4 cxd4 4. Nxd4 Nf6 5. Nc3 e5 6. Ndb5 d6 7. Bg5 a6 8. Na3
b5 9. Bxf6 gxf6 10. Nd5 f5 11. Bd3 Be6 12. c3 Bxd5 13. exd5 Ne7 14. Nxb5 Bg7 15.
Na3 e4 16. Bc2 Rb8 17. Nc4 O-O 18. Qh5 Nxd5 19. Qxf5 Rb5 20. Qg4 Nf6 21. Qd1 d5
22. Ne3 Rxb2 23. O-O Qc8 24. Bb3 Qxc3 25. Nxd5 Nxd5 1/2-1/2

[Event "24th Abu Dhabi Masters"]
[Site "Abu Dhabi UAE"]
[Date "2017.08.16"]
[Round "3.14"]
[White "Adly, Ahmed"]
[Black "Nihal, Sarin"]
[Result "1/2-1/2"]
[WhiteTitle "GM"]
[BlackTitle "FM"]
[WhiteElo "2619"]
[BlackElo "2485"]
[WhiteFideId "10601619"]
[BlackFideId "25092340"]
[EventDate "2017.08.14"]

1. d4 Nf6 2. c4 e6 3. Nf3 d5 4. Bg5 Bb4+ 5. Nc3 dxc4 6. Qc2 h6 7. Bh4 b5 8. e3
a6 9. Be2 Bb7 10. O-O Nbd7 11. a4 c6 12. Ne5 Be7 13. f4 O-O 14. Rad1 Nd5 15. Bf2
N7f6 16. Bf3 Qc7 17. e4 Nxc3 18. bxc3 c5 19. Rb1 cxd4 20. Bxd4 Rab8 21. axb5
axb5 22. Qe2 Ba8 23. Qe3 Rfc8 24. g4 Bc5 25. Rfd1 Bxd4 26. Rxd4 Rd8 27. Rbd1
Rxd4 28. Qxd4 b4 29. cxb4 c3 30. Rc1 c2 31. h3 Ne8 32. Kf2 Qe7 33. Qc5 Qh4+ 34.
Kg2 Qf6 35. Kg3 g5 36. f5 Rd8 37. Rxc2 Nd6 38. Re2 exf5 39. gxf5 h5 40. Bxh5
Nxe4+ 41. Rxe4 Bxe4 42. Bxf7+ Kg7 43. Be6 Re8 44. Ng4 Qb2 45. Qa7+ Kh8 46. Qf2
Qc3+ 47. Qe3 Qxe3+ 48. Nxe3 Bxf5 49. Bxf5 Rxe3+ 50. Kg4 Kg7 51. Kxg5 Rb3 52. Be4
Rxb4 53. Kf5 Kf7 54. Bd5+ Ke7 55. Ba2 Ra4 56. Bb3 Ra5+ 57. Ke4 Kd6 58. Bg8 Re5+
59. Kf4 Re8 60. Bb3 Kc5 61. Kf5 Kd4 62. Kf6 Ke4 63. Ba4 Re5 64. Bc2+ Kf4 65. Bh7
Rh5 66. Bc2 Rh6+ 67. Ke7 Ke5 68. Kf7 Rc6 69. Bb1 Rc1 70. Bd3 Rd1 71. Bc2 Rf1+
72. Kg6 Rf6+ 73. Kg7 Ke6 74. Bb3+ Ke7 75. Ba2 Rf2 76. Bd5 Rf5 77. Bb3 Rg5+ 78.
Kh7 Kf6 79. Bc4 Rg7+ 80. Kh8 Kg6 81. Bd3+ Kh6 82. Bc4 Rc7 83. Ba2 Rc8+ 84. Bg8
Rb8 1/2-1/2

[Event "24th Abu Dhabi Masters"]
[Site "Abu Dhabi UAE"]
[Date "2017.08.16"]
[Round "3.15"]
[White "Parligras, Mircea-Emilian"]
[Black "Gagare, Shardul"]
[Result "0-1"]
[WhiteTitle "GM"]
[BlackTitle "GM"]
[WhiteElo "2616"]
[BlackElo "2467"]
[WhiteFideId "1204297"]
[BlackFideId "5037883"]
[EventDate "2017.08.14"]

1. d4 Nf6 2. c4 e6 3. Nc3 Bb4 4. e3 O-O 5. Bd3 c5 6. Nf3 d5 7. O-O dxc4 8. Bxc4
Nc6 9. a3 Ba5 10. Qd3 h6 11. Rd1 cxd4 12. exd4 Bc7 13. Ba2 Qe7 14. Ne4 Nd5 15.
Bb1 Rd8 16. Ng3 f5 17. Ba2 Qf7 18. Bd2 Bd7 19. Re1 Re8 20. Rac1 Rad8 21. b4 a6
22. Ne2 Kh8 23. h4 Bc8 24. Nc3 Nf4 25. Bxf4 Bxf4 26. Rcd1 Qf6 27. Qc4 Bb8 28.
Na4 e5 29. d5 Nd4 30. Nxd4 exd4 31. Qd3 Qxh4 32. g3 Qg4 33. Rxe8+ Rxe8 34. Nb6
Bxg3 35. Nxc8 Be5+ 36. Kf1 Bh2 0-1

[Event "24th Abu Dhabi Masters"]
[Site "Abu Dhabi UAE"]
[Date "2017.08.16"]
[Round "3.16"]
[White "Iniyan, P"]
[Black "Hovhannisyan, Robert"]
[Result "1-0"]
[WhiteTitle "IM"]
[BlackTitle "GM"]
[WhiteElo "2404"]
[BlackElo "2606"]
[WhiteFideId "25002767"]
[BlackFideId "13302507"]
[EventDate "2017.08.14"]

1. d4 d5 2. c4 c6 3. Nf3 Nf6 4. Nc3 e6 5. g3 dxc4 6. Bg2 Nbd7 7. O-O b5 8. e4
Bb7 9. e5 Nd5 10. Ng5 h6 11. Qh5 g6 12. Qh3 Be7 13. Bxd5 exd5 14. f4 Nf8 15.
Nxf7 Kxf7 16. f5 Bc8 17. g4 Ke8 18. Qf3 gxf5 19. gxf5 Kd7 20. b3 Kc7 21. bxc4
dxc4 22. d5 Bc5+ 23. Kh1 Bd4 24. Bb2 Bxc3 25. d6+ Kb8 26. Bxc3 Bb7 27. Qg3 c5+
28. Kg1 Nh7 29. e6 Rg8 30. Bg7 Ng5 31. d7+ Qc7 32. Rfd1 Qxg3+ 33. hxg3 Kc7 34.
Be5+ Kb6 35. Bf6 Kc7 36. e7 Nf7 37. d8=Q+ Nxd8 38. exd8=Q+ Raxd8 39. Rxd8 Rxd8
40. Bxd8+ Kxd8 41. Re1 Kc7 42. Re5 Kd6 43. f6 Kxe5 44. f7 Be4 45. f8=Q Kd4 46.
Qf6+ Kd3 47. Qd6+ Kc2 48. Qxc5 c3 49. Kf2 Bd3 50. Ke3 a5 51. Qa3 Bc4 52. Qxa5 1-0

[Event "24th Abu Dhabi Masters"]
[Site "Abu Dhabi UAE"]
[Date "2017.08.16"]
[Round "3.17"]
[White "Maghsoodloo, Parham"]
[Black "Vignesh, N R"]
[Result "1/2-1/2"]
[WhiteTitle "GM"]
[BlackTitle "IM"]
[WhiteElo "2590"]
[BlackElo "2448"]
[WhiteFideId "12539929"]
[BlackFideId "25012215"]
[EventDate "2017.08.14"]

1. Nf3 Nf6 2. g3 d5 3. Bg2 c6 4. d3 Bf5 5. O-O h6 6. b3 e6 7. Bb2 Be7 8. Nbd2
O-O 9. Re1 a5 10. a3 Bh7 11. h3 Na6 12. e4 Re8 13. Ne5 Qb6 14. Ng4 Nxg4 15. Qxg4
Bf8 16. Nf3 Nc5 17. Rab1 dxe4 18. dxe4 Nxe4 19. Rxe4 f5 20. Qf4 fxe4 21. Ne5 Qc7
22. Bxe4 Bxe4 23. Qxe4 Qe7 24. Re1 Qf6 25. g4 Bd6 26. Nd3 Qg5 27. a4 Rad8 28.
Re3 Qd5 29. Qg6 e5 30. c4 Qf7 31. Qe4 Rf8 32. Kg2 Bc5 33. Re2 Bd4 34. Nxe5 Qxf2+
35. Rxf2 Rxf2+ 36. Kg3 Rxb2 37. Nd7 Bf2+ 38. Kf3 Rd2 39. Nf6+ Kf7 40. Nd5 Rf8
41. Ne7 Bh4 42. Nf5 Kg8 43. Qe5 Bf6 44. Qxa5 Rd3+ 45. Ke2 Rxb3 46. Qc7 Re8+ 47.
Kf2 Re4 48. Qd7 Kh7 49. Qf7 Rxh3 50. g5 hxg5 51. Kg2 g4 52. Nxg7 Re7 53. Qxf6
Rxg7 54. Qf5+ Kg8 55. Qc8+ Kh7 56. Qf5+ Kh8 57. Qc8+ 1/2-1/2

[Event "24th Abu Dhabi Masters"]
[Site "Abu Dhabi UAE"]
[Date "2017.08.16"]
[Round "3.18"]
[White "Pantsulaia, Levan"]
[Black "Nguyen, Anh Khoi"]
[Result "1-0"]
[WhiteTitle "GM"]
[BlackTitle "IM"]
[WhiteElo "2585"]
[BlackElo "2444"]
[WhiteFideId "13602071"]
[BlackFideId "12404675"]
[EventDate "2017.08.14"]

1. Nf3 g6 2. e4 Bg7 3. d4 d6 4. Bc4 Nf6 5. Qe2 O-O 6. O-O e6 7. e5 Nfd7 8. Bg5
Qe8 9. Nc3 d5 10. Bd3 a6 11. Nd1 c5 12. c3 Nc6 13. h4 cxd4 14. cxd4 f6 15. exf6
Nxf6 16. Nc3 b5 17. Rae1 Bd7 18. Qd2 Qb8 19. Bf4 Qb6 20. Bb1 Nh5 21. Ne2 Nxf4
22. Nxf4 Rae8 23. Rd1 Qb8 24. g3 Re7 25. Rfe1 Ref7 26. Qe3 Rxf4 27. gxf4 Rxf4
28. Ne5 Bxe5 29. dxe5 Rxh4 30. Qg3 Qd8 31. Kg2 Rh5 32. f4 Ne7 33. Rh1 Rxh1 34.
Rxh1 Bc6 35. Rh2 d4+ 36. Kg1 Nf5 37. Bxf5 exf5 38. Qh4 Qc7 39. Qf6 Bd5 40. Kf2
d3 41. Kg3 Bxa2 42. e6 Bb3 43. e7 Bf7 44. Rxh7 1-0

[Event "24th Abu Dhabi Masters"]
[Site "Abu Dhabi UAE"]
[Date "2017.08.16"]
[Round "3.19"]
[White "Srija, Seshadri"]
[Black "Fier, Alexandr"]
[Result "1/2-1/2"]
[WhiteTitle "WFM"]
[BlackTitle "GM"]
[WhiteElo "2167"]
[BlackElo "2579"]
[WhiteFideId "5055903"]
[BlackFideId "2107139"]
[EventDate "2017.08.14"]

1. e4 c5 2. Nf3 d6 3. d4 cxd4 4. Nxd4 Nf6 5. Nc3 Nc6 6. Bc4 e6 7. Be3 Be7 8. Qe2
a6 9. O-O-O Qc7 10. Bb3 O-O 11. g4 Nd7 12. g5 Nc5 13. f4 b5 14. Kb1 Bb7 15. f5
Nxd4 16. Bxd4 Nxb3 17. axb3 exf5 18. exf5 Bxh1 19. Rxh1 Qb7 20. Rg1 Rfe8 21. Qg4
Bf8 22. g6 hxg6 23. fxg6 fxg6 24. Qxg6 b4 25. Nd1 Re4 26. Ne3 Rxe3 27. Bxe3 Qf7
28. Qg2 Re8 29. Bd4 d5 30. Rf1 Qd7 31. Qf3 Qe6 32. Qg3 Qd7 33. Qf3 Qe6 34. Qg3
Qd7 1/2-1/2

[Event "24th Abu Dhabi Masters"]
[Site "Abu Dhabi UAE"]
[Date "2017.08.16"]
[Round "3.20"]
[White "Karthikeyan, Murali"]
[Black "Neelotpal, Das"]
[Result "1-0"]
[WhiteTitle "GM"]
[BlackTitle "GM"]
[WhiteElo "2579"]
[BlackElo "2441"]
[WhiteFideId "5074452"]
[BlackFideId "5003512"]
[EventDate "2017.08.14"]

1. Nf3 Nf6 2. g3 d5 3. Bg2 e6 4. O-O Be7 5. d3 c5 6. Nbd2 Nc6 7. e4 b6 8. Re1
Bb7 9. c3 Qc7 10. Qe2 a5 11. exd5 exd5 12. Nf1 O-O 13. Bf4 Qd7 14. Ne5 Nxe5 15.
Qxe5 Rfe8 16. Qc7 Qxc7 17. Bxc7 Bd8 18. Bf4 Re6 19. Ne3 Bc6 20. d4 cxd4 21. cxd4
Bb7 22. Rac1 b5 23. Bc7 Be7 24. Bh3 Rc6 25. Be5 Kf8 26. Nf5 Bb4 27. Rxc6 Bxc6
28. Rc1 Bd7 29. Bxf6 gxf6 30. a3 Bd2 31. Rc2 Bh6 32. Kg2 Bxf5 33. Bxf5 b4 34. a4
b3 35. Rc5 Bd2 36. Bxh7 Rd8 37. Bf5 Bb4 38. Rb5 Re8 39. Kf3 Re1 40. Rxd5 Ra1 41.
Rd8+ Kg7 42. d5 Rd1 43. Rd7 Kf8 44. h4 Rd2 45. h5 Kg7 46. Kg4 Rxf2 47. h6+ Kf8
48. h7 Kg7 49. Rd8 1-0

[Event "24th Abu Dhabi Masters"]
[Site "Abu Dhabi UAE"]
[Date "2017.08.16"]
[Round "3.21"]
[White "Ter-Sahakyan, Samvel"]
[Black "Fawzy, Adham"]
[Result "1-0"]
[WhiteTitle "GM"]
[BlackTitle "IM"]
[WhiteElo "2577"]
[BlackElo "2422"]
[WhiteFideId "13302531"]
[BlackFideId "10613129"]
[EventDate "2017.08.14"]

1. e4 c5 2. Nf3 Nc6 3. d4 cxd4 4. Nxd4 e5 5. Nb5 d6 6. N1c3 a6 7. Na3 b5 8. Nd5
Nf6 9. Bg5 Be7 10. Bxf6 Bxf6 11. c3 Bg5 12. Nc2 Rb8 13. a4 bxa4 14. Ncb4 Nxb4
15. cxb4 O-O 16. Rxa4 a5 17. b5 Kh8 18. Be2 g6 19. O-O Be6 20. Nc3 f5 21. Bc4
Bc8 22. exf5 Bxf5 23. Bd5 Bd7 24. Bc6 Bxc6 25. bxc6 Rxb2 26. Rc4 Rd2 27. Qe1 Rc2
28. Qb1 d5 29. c7 Qc8 30. Qxc2 dxc4 31. Ne4 Be7 32. Qxc4 Qd7 33. Qc3 Bb4 34. Qc4
Rc8 35. Rc1 Kg7 36. h4 Qe7 37. Qc6 Ba3 38. Rc2 Bb4 39. g3 h6 40. Kg2 Qf7 41. Rc4
Qe7 42. Qb6 Qf7 43. Rc6 Qf5 44. Qe3 Qd7 45. Qc1 Qd3 46. Rc4 Ba3 47. Qc3 Qd5 48.
Kh2 Bb2 49. Qc2 Bd4 50. Rc6 a4 51. Rxg6+ Kf8 52. Nf6 1-0

[Event "24th Abu Dhabi Masters"]
[Site "Abu Dhabi UAE"]
[Date "2017.08.16"]
[Round "3.22"]
[White "Gabuzyan, Hovhannes"]
[Black "Jonkman, Harmen"]
[Result "1-0"]
[WhiteTitle "GM"]
[BlackTitle "GM"]
[WhiteElo "2566"]
[BlackElo "2402"]
[WhiteFideId "13303732"]
[BlackFideId "1002708"]
[EventDate "2017.08.14"]

1. Nf3 d5 2. g3 c6 3. Bg2 Bg4 4. O-O Nd7 5. d4 Ngf6 6. Nbd2 e6 7. Re1 Be7 8. e4
O-O 9. c3 Rc8 10. e5 Ne8 11. Nb3 c5 12. h3 Bh5 13. Be3 b5 14. g4 Bg6 15. dxc5
Bxc5 16. Nxc5 Nxc5 17. Qd2 a6 18. Bxc5 Rxc5 19. a4 b4 20. cxb4 Rc2 21. Qe3 Rxb2
22. Nd4 Qb6 23. b5 Rb4 24. Nc6 Qxe3 25. Rxe3 Rb2 26. Rc3 f6 27. bxa6 fxe5 28. a7
Nd6 29. Ne7+ Kf7 30. Nc8 d4 31. Nxd6+ Ke7 32. Nc8+ 1-0

[Event "24th Abu Dhabi Masters"]
[Site "Abu Dhabi UAE"]
[Date "2017.08.16"]
[Round "3.23"]
[White "Short, Nigel D"]
[Black "Sardana, Rishi"]
[Result "1-0"]
[WhiteTitle "GM"]
[BlackTitle "IM"]
[WhiteElo "2688"]
[BlackElo "2386"]
[WhiteFideId "400025"]
[BlackFideId "25004301"]
[EventDate "2017.08.14"]

1. e4 e5 2. Nf3 Nc6 3. Bb5 a6 4. Ba4 Nf6 5. O-O b5 6. Bb3 Be7 7. d4 d6 8. c3 Bg4
9. Be3 O-O 10. h3 Bh5 11. Nbd2 d5 12. g4 Bg6 13. Nxe5 Nxe5 14. dxe5 Nxe4 15. Nf3
c6 16. Nd4 c5 17. Nc6 Qc7 18. Bxd5 Rad8 19. f4 c4 20. f5 Nf6 21. Nxd8 Rxd8 22.
fxg6 Nxd5 23. gxf7+ Kf8 24. Bd4 Ne3 25. Qb1 Qc6 26. Bxe3 Rd3 27. Qe1 Rxe3 28.
Qxe3 Bc5 29. Rae1 Bxe3+ 30. Rxe3 Qc5 31. Rf3 1-0

[Event "24th Abu Dhabi Masters"]
[Site "Abu Dhabi UAE"]
[Date "2017.08.16"]
[Round "3.24"]
[White "Mamedov, Rauf"]
[Black "Medarde Santiago, Luis Marcos"]
[Result "1-0"]
[WhiteTitle "GM"]
[BlackTitle "FM"]
[WhiteElo "2680"]
[BlackElo "2332"]
[WhiteFideId "13401653"]
[BlackFideId "2263076"]
[EventDate "2017.08.14"]

1. Nf3 Nf6 2. b3 e6 3. g3 d5 4. Bg2 Be7 5. Bb2 O-O 6. c4 c5 7. O-O d4 8. e3 Nc6
9. exd4 cxd4 10. Re1 Ng4 11. a3 a5 12. d3 f6 13. Bc1 Qc7 14. h3 Nge5 15. Nxe5
Nxe5 16. Bf4 Bd6 17. Nd2 Nf7 18. Bxd6 Nxd6 19. b4 e5 20. c5 Nb5 21. Nc4 axb4 22.
axb4 Rxa1 23. Qxa1 Be6 24. Nb6 Bf5 25. Qd1 Nc3 26. Qf3 Bg6 27. Nd5 Qd8 28. Nxc3
dxc3 29. Qxb7 Qxd3 30. Qd5+ Kh8 31. Qxd3 Bxd3 32. Be4 Ba6 33. Ra1 Bc4 34. Rc1
Rb8 35. Rxc3 Be6 36. c6 1-0

[Event "24th Abu Dhabi Masters"]
[Site "Abu Dhabi UAE"]
[Date "2017.08.16"]
[Round "3.26"]
[White "Bellia, Fabrizio"]
[Black "Suleymanli, Aydin"]
[Result "1-0"]
[WhiteTitle "IM"]
[BlackTitle "CM"]
[WhiteElo "2444"]
[BlackElo "2328"]
[WhiteFideId "800511"]
[BlackFideId "13413937"]
[EventDate "2017.08.14"]

1. d4 d5 2. c4 c6 3. Nf3 Nf6 4. e3 e6 5. b3 Nbd7 6. Bb2 Bd6 7. Bd3 Ne4 8. O-O f5
9. Ne5 Qf6 10. f4 O-O 11. Nd2 Qh6 12. Ndf3 Ndf6 13. Qc1 Ne8 14. Ba3 Qf6 15. Bxd6
N8xd6 16. c5 Ne8 17. b4 Nc7 18. a4 a6 19. b5 axb5 20. axb5 Rxa1 21. Qxa1 Nxb5
22. Bxb5 cxb5 23. Qa5 Qe7 24. Qxb5 Qe8 25. Qb4 h6 26. Ra1 Kh7 27. Ra8 Rg8 28.
Qb6 Qe7 29. Ra7 Qe8 30. Qa5 g5 31. Ra8 Rg7 32. fxg5 hxg5 33. g3 Nf6 34. Nxg5+
Rxg5 35. Qc7+ Rg7 36. Qxc8 Qxc8 37. Rxc8 Re7 38. Ra8 Ne4 39. Kg2 Kg7 40. h3 Kf6
41. Rf8+ Kg7 42. Rc8 Kf6 43. g4 Rg7 44. Rh8 Ke7 45. Kf3 Nd2+ 46. Kf4 fxg4 47.
hxg4 Ne4 48. Rh6 Nc3 49. g5 Ne4 50. g6 Nf6 51. Rh8 Ne4 52. Kg4 Kf6 53. Rf8+ Ke7
54. Rf3 Nd2 55. Rf4 Ne4 56. Kh5 Nf6+ 57. Kh6 Rg8 58. g7 1-0